[Event "Titled Tue 15th Nov Early"]
[Site "chess.com INT"]
[Date "2022.11.15"]
[Round "11"]
[White "Jobava, Ba"]
[Black "Timofeev, Arty"]
[Result "1-0"]
[WhiteElo "2578"]
[BlackElo "2567"]
[PlyCount "75"]
[EventDate "2022.11.15"]

1. b3 c5 2. Bb2 d6 3. e3 Nc6 4. Nf3 e5 5. c4 g6 6. d3 Bg7 7. Nbd2 Nge7 8. Be2 O-O 9. Rb1 $146 ({RR} 9. Qc2 a6 10. O-O Rb8 11. a3 b5 12. Rac1 Qb6 13. Bc3 b4 14. axb4 Nxb4 15. Qb2 Nec6 16. Ng5 d5 17. cxd5 Nxd5 18. Nge4 Rd8 19. Rb1 f5 20. Nc4 Qa7 21. Nxe5 Nxc3 22. Nxc6 Nxe4 23. Nxa7 Bxb2 {Kindler,K (1597)-Kostecka,M (1775) Szklarska Poreba 2016 1-0}) 9... h6 10. a3 a5 11. O-O Be6 12. Re1 f5 13. Bf1 Qd7 14. h3 Rae8 15. Qc2 g5 16. g3 f4 17. g4 b6 18. Bg2 Rf7 19. Ne4 Ref8 20. Qe2 Ng6 21. Nexg5 hxg5 22. Nxg5 Nce7 23. Nxf7 Rxf7 24. d4 Nh4 25. exf4 Rxf4 26. dxe5 d5 27. Bc1 Nxg2 28. Kxg2 Ng6 29. Qc2 Nh4+ 30. Kg3 Rf3+ 31. Kxh4 d4 32. Qe4 Qf7 33. Qa8+ Kh7 34. Qe4+ Kg8 35. Bg5 Bxe5 36. Qa8+ Kh7 37. Rxe5 Rxf2 38. Qe4+ 1-0

[Event "Titled Tue 15th Nov Late"]
[Site "chess.com INT"]
[Date "2022.11.15"]
[Round "10"]
[White "Yoo, Christopher Woojin"]
[Black "Tang, Andrew"]
[Result "1-0"]
[WhiteElo "2573"]
[BlackElo "2539"]
[PlyCount "69"]
[EventDate "2022.11.15"]

1. b3 d5 2. Bb2 c5 3. e3 Nc6 4. Bb5 Nf6 5. Nf3 Qb6 6. c4 dxc4 7. Bxc4 Bg4 8. h3 Bh5 9. Nc3 e6 10. g4 Bg6 11. g5 $146 ({RR} 11. Nh4 Be7 12. g5 Ne4 13. Nxg6 Nxc3 14. Bxc3 hxg6 15. Qg4 Nb4 16. O-O Rh7 17. d4 cxd4 18. Bxd4 Qa5 19. Bc3 Qc5 20. Rac1 Nc6 21. h4 Qf5 22. Qg3 Qe4 23. f4 Bc5 24. Rce1 Ne7 25. Qf3 Qxf3 {Naroditsky,D (2616)-Tang,A (2487) Chess.com INT 2019 0-1 (64)}) 11... Nd7 12. Nh4 Nde5 13. Nxg6 hxg6 14. Be2 Qd8 15. f4 Nd3+ 16. Bxd3 Qxd3 17. Qe2 Qf5 18. O-O-O O-O-O 19. Rdf1 c4 20. Qxc4 Rxh3 21. Rxh3 Qxh3 22. Nb5 Kd7 23. Kb1 Qg2 24. Rc1 Qxd2 25. Rc3 Nb4 26. a3 Nd5 27. Rd3 Qe1+ 28. Ka2 Be7 29. e4 Rc8 30. Qa4 Kd8 31. exd5 Rc2 32. dxe6+ Kc8 33. Nd4 Rxb2+ 34. Kxb2 Qf2+ 35. Nc2 1-0

[Event "Tata Steel India Blitz w"]
[Site "Kolkata IND"]
[Date "2022.12.04"]
[Round "17.5"]
[White "Harika, D."]
[Black "Muzychuk, M."]
[Result "1-0"]
[WhiteElo "2507"]
[BlackElo "2523"]
[PlyCount "127"]
[EventDate "2022.12.03"]
[EventType "blitz"]

1. b3 c5 2. Bb2 d5 3. Nf3 Nc6 4. g3 Nf6 5. Bg2 g6 6. d4 cxd4 7. Nxd4 Bg7 8. O-O O-O 9. c4 Nxd4 10. Bxd4 dxc4 11. bxc4 Qc7 12. Qb3 ({RR} 12. Nd2 Bd7 13. Qb3 Bc6 14. e4 Rfd8 15. Bc3 Rxd2 16. Bxd2 Nxe4 17. Rad1 Nxd2 18. Rxd2 Bxg2 19. Kxg2 Bf6 20. Rfd1 Rc8 21. Rd7 Qc6+ 22. Qf3 Qxf3+ 23. Kxf3 Rxc4 24. Rxb7 Ra4 25. Rd2 g5 26. Ke2 Kg7 {Daroczi,D (2130)-Boci,M (2312) chess.com INT 2025 0-1 (48)}) 12... Rd8 13. e3 e5 14. Bb2 $146 ({RR} 14. Bc3 Nd7 15. Na3 a6 16. Nc2 Nc5 17. Qa3 e4 18. Bd4 Bf8 19. Qc3 f5 20. f3 exf3 21. Bxf3 Be6 22. Rab1 Na4 23. Qd2 Rab8 24. Rfc1 a5 25. Ne1 Bg7 26. Bd5 Bxd5 27. cxd5 Qd7 28. Bxg7 Kxg7 {Abakarov,A (2159)-Velikanov,I (2231) Sochi 2018 1-0 (31)}) 14... Be6 15. Na3 Rac8 16. Rfd1 b6 17. Nb5 Qb8 18. Rxd8+ Rxd8 19. Nc3 Rd3 20. Bf1 Rd2 21. Rd1 Qd8 22. Nd5 Rxd1 23. Qxd1 Qb8 24. Ne7+ Kh8 25. Nc6 Qc7 26. Nxe5 Ne4 27. Qd4 Nc5 28. Bg2 f5 29. Bd5 Kg8 30. Bxe6+ Nxe6 31. Qd5 Qe7 32. Nc6 Qf7 33. Nd8 Nxd8 34. Qxd8+ Qf8 35. Qxf8+ Bxf8 36. Kf1 Kf7 37. Ke2 Ke6 38. Kd3 Bb4 39. f3 h5 40. Bd4 Be1 41. e4 h4 42. gxh4 Bxh4 43. h3 Bg3 44. c5 bxc5 45. Bxc5 a6 46. Bd4 Bd6 47. Kc4 fxe4 48. fxe4 Be7 49. a4 Bd6 50. Bc5 Bf4 51. Bd4 Bg3 52. Kc5 Bc7 53. Kc6 Bd8 54. Kb7 a5 55. Ka6 Bc7 56. Kb5 Bd8 57. Bc3 Bc7 58. Bxa5 Be5 59. Bb6 Kd7 60. a5 Bf4 61. a6 Kc8 62. Kc6 Kb8 63. Kd5 g5 64. e5 1-0

[Event "Titled Tue 29th Nov Late"]
[Site "chess.com INT"]
[Date "2022.11.29"]
[Round "7"]
[White "Keymer, Vincent"]
[Black "Kobo, Ori"]
[Result "1-0"]
[WhiteElo "2698"]
[BlackElo "2554"]
[PlyCount "233"]
[EventDate "2022.11.29"]

1. a3 Nf6 2. Nf3 g6 3. b4 Bg7 4. Bb2 O-O 5. e3 d6 6. c4 ({RR} 6. d4 Nc6 7. Nbd2 Re8 8. b5 Nb8 9. Bc4 Nbd7 10. O-O e5 11. dxe5 Ng4 12. Bxf7+ Kxf7 13. e6+ Rxe6 14. Bxg7 Kxg7 15. Nd4 Ndf6 16. Nxe6+ Bxe6 17. a4 Qd7 18. h3 Ne5 19. Nf3 Nxf3+ 20. Qxf3 Bd5 {Negrean,A (2280)-Amangeldy,E (2288) chess.com INT 2025 0-1 (52)}) 6... e5 7. d3 ({RR} 7. Be2 Re8 8. d3 b6 9. O-O Bb7 10. Nc3 Nbd7 11. Nd2 c6 12. Bf3 d5 13. b5 e4 14. bxc6 Bxc6 15. cxd5 exf3 16. dxc6 fxg2 17. Kxg2 Ne5 18. d4 Nxc6 19. Qf3 Rc8 20. Rac1 Qd7 21. Nb3 Ne7 {Terry,R (2520)-Duda,J (2726) chess.com INT 2023 0-1 (93)}) 7... a5 $146 ({RR} 7... Bg4 8. Be2 Nbd7 9. Nbd2 c6 10. O-O Qc7 11. Rc1 Rae8 12. h3 Bxf3 13. Nxf3 h6 14. Qb3 Kh8 15. Rfd1 Ng8 16. e4 f5 17. c5 dxc5 18. bxc5 Ngf6 19. Nh4 Kh7 20. exf5 gxf5 21. Nxf5 Nd5 22. Nd6 {Demchenko,A (2625)-Valle,L (2268) chess.com INT 2023 0-1 (53)}) 8. b5 Re8 9. Be2 Nfd7 10. Nc3 Nc5 11. O-O a4 12. Rb1 Bf5 13. h3 h5 14. Nd5 Nbd7 15. Bc3 Nf6 16. e4 Bd7 17. Nd2 Ne6 18. Rb4 Nxd5 19. cxd5 Nf4 20. Nf3 g5 21. Nh2 g4 22. hxg4 Qg5 23. Bd2 hxg4 24. Bxg4 Bxg4 25. Nxg4 f5 26. exf5 Qxf5 27. Qf3 Rf8 28. Bxf4 exf4 29. Rc1 Rf7 30. Re4 Raf8 31. Re6 Qg5 32. Rc4 Qh4 33. Rg6 Kh7 34. Re6 Rf5 35. Qh3 Qxh3 36. gxh3 R8f7 37. Rxa4 Rxd5 38. Ree4 Rxb5 39. Rxf4 Rxf4 40. Rxf4 Kg8 41. Rc4 c6 42. a4 Rb3 43. Ne3 Rxd3 44. Rb4 d5 45. Rxb7 d4 46. Nf5 Bf8 47. Rc7 c5 48. Rc8 Rxh3 49. a5 Ra3 50. Ne7+ Kf7 51. Nc6 d3 52. Ne5+ Kg7 53. Rd8 Rxa5 54. Rxd3 Ra4 55. Rd7+ Kg8 56. Rc7 Rd4 57. Rc8 Kg7 58. Kg2 Rd5 59. f4 Rd4 60. Kf3 Be7 61. Rc7 Kf6 62. Ng4+ Ke6 63. f5+ Kd6 64. Ra7 c4 65. Ra6+ Kc5 66. Re6 Bd8 67. f6 Bxf6 68. Nxf6 Rd3+ 69. Kf4 Kb4 70. Ne4 Rd4 71. Ke3 Rd3+ 72. Ke2 Rd4 73. Nf2 Kb5 74. Ke3 Rd8 75. Ne4 Rh8 76. Kd4 Rh1 77. Re5+ Kc6 78. Rc5+ Kd7 79. Rxc4 Rh4 80. Kd5 Rh5+ 81. Kd4 Rh1 82. Ra4 Ke7 83. Ke5 Rh5+ 84. Kf4 Rh4+ 85. Kg5 Rh1 86. Ng3 Rg1 87. Kf4 Rb1 88. Nf5+ Kf6 89. Ra6+ Kf7 90. Nd4 Rf1+ 91. Ke5 Re1+ 92. Kd5 Rd1 93. Ke4 Re1+ 94. Kf4 Rf1+ 95. Nf3 Rb1 96. Ke4 Rb4+ 97. Kf5 Rb1 98. Ne5+ Ke7 99. Re6+ Kd8 100. Rh6 Kc7 101. Rh7+ Kc8 102. Ke6 Rb6+ 103. Kd5 Rb1 104. Nc6 Rd1+ 105. Nd4 Rg1 106. Kd6 Rd1 107. Kc5 Rc1+ 108. Kd5 Rd1 109. Rg7 Rh1 110. Nb5 Rh5+ 111. Kc6 Kd8 112. Nc7 Rh6+ 113. Kd5 Rh4 114. Ne6+ Kc8 115. Kd6 Rh8 116. Kc6 Re8 117. Nc5 1-0

[Event "Titled Tue 29th Nov Late"]
[Site "chess.com INT"]
[Date "2022.11.29"]
[Round "10"]
[White "Jobava, Ba"]
[Black "Hansen, Eric"]
[Result "1-0"]
[WhiteElo "2578"]
[BlackElo "2609"]
[PlyCount "77"]
[EventDate "2022.11.29"]

1. e4 c5 2. Nf3 e6 3. d3 d5 4. Nbd2 Nc6 5. g3 Bd6 6. Bg2 Nge7 7. O-O O-O 8. Re1 b5 9. exd5 ({RR} 9. h4 h6 10. e5 Bc7 11. h5 f6 12. exf6 Rxf6 13. c4 a6 14. Nb3 e5 15. cxd5 Nxd5 16. Nfd2 Bb6 17. Ne4 Rf7 18. Nbxc5 Nd4 19. Be3 Nxe3 20. fxe3 Nf5 21. Rc1 Raa7 22. Kh2 Kh8 23. Qe2 Rac7 {Kovalev,V (2623)-Sargsyan,S (2628) Abu Dhabi 2021 0-1 (37)}) ({RR} 9. c3 a5 10. e5 Bc7 11. d4 b4 12. Nf1 Ba6 13. Bf4 a4 14. a3 bxc3 15. bxc3 cxd4 16. cxd4 Na5 17. Ne3 Nb3 18. Rb1 h6 19. h4 Ba5 20. h5 Bxe1 21. Nxe1 Rc8 22. N1c2 Nc6 23. Ng4 Kh8 {Gong Qianyun (2272)-Postny,E (2538) chess.com INT 2025 0-1 (42)}) 9... exd5 10. c4 Nb4 $146 ({RR} 10... bxc4 11. dxc4 d4 12. Ne4 h6 13. b3 Bg4 14. h3 Bh5 15. Bxh6 Bg6 16. Bg5 Qc7 17. Nh4 Bh7 18. Qh5 Rae8 19. Nf6+ gxf6 20. Bxf6 Bf4 21. gxf4 Qxf4 22. Bg5 Qd6 23. Bh6 Bg6 24. Qg4 Kh8 25. Bxf8 {Ozer,O (2317)-Hansen,E (2606) Chess.com INT 2022 1-0 (58)}) 11. Bf1 Bf5 12. cxd5 Nxd3 13. Bxd3 Bxd3 14. Ne4 c4 15. Nxd6 Qxd6 16. Bf4 Qd8 17. d6 Ng6 18. Qd2 Qf6 19. d7 Qc6 20. Ne5 Nxe5 21. Rxe5 Qxd7 22. Rae1 f6 23. Re7 Qd5 24. h4 h5 25. a3 Rf7 26. R7e3 Rd7 27. Qc3 Bf5 28. Kh2 a6 29. Re7 Rad8 30. Qe3 Rxe7 31. Qxe7 Kh7 32. Qc7 Rd7 33. Qb6 Qf3 34. Qe3 Qd5 35. Qb6 Rb7 36. Qe3 a5 37. Qe2 b4 38. Qxh5+ Kg8 39. Re8# 1-0

[Event "Titled Tue 6th Dec Early"]
[Site "chess.com INT"]
[Date "2022.12.06"]
[Round "11"]
[White "Aravindh, Chithambaram VR."]
[Black "Zhigalko, S."]
[Result "1-0"]
[WhiteElo "2607"]
[BlackElo "2572"]
[PlyCount "69"]
[EventDate "2022.12.06"]

1. g3 d5 2. Bg2 c6 3. Nf3 Bg4 4. b3 Bxf3 ({RR} 4... f6 5. h3 Bh5 6. O-O e5 7. d3 Bd6 8. e4 d4 9. c3 dxc3 10. Nxc3 Ne7 11. d4 Nd7 12. Bb2 O-O 13. Qd2 Qb8 14. Ne2 Rd8 15. Rad1 a5 16. Qc2 Qa7 17. dxe5 Nxe5 18. Nxe5 Bxe5 19. Bxe5 {Hickl,J (2570)-Skomorokhin,R (2460) Liechtenstein 1993 1-0 (51)}) 5. exf3 ({RR} 5. Bxf3 e5 6. d3 Nf6 7. Bb2 Bd6 8. Nd2 O-O 9. c4 Re8 10. Qc2 a5 11. a3 Na6 12. O-O Nc5 13. cxd5 cxd5 14. d4 exd4 15. Bxd4 Ne6 16. Bxf6 Qxf6 17. e3 Rac8 18. Qd3 d4 19. exd4 Nxd4 {Bogumil,T (2182)-Gunina,V (2476) Sochi RUS 2022 ½-½}) 5... Nf6 6. Bb2 $146 ({RR} 6. f4 e6 7. O-O Be7 8. d4 O-O 9. c4 Nbd7 10. Nd2 c5 11. Bb2 Rc8 12. Qe2 Re8 13. Rfd1 Qb6 14. Qd3 cxd4 15. cxd5 exd5 16. Bxd4 Bc5 17. Nf3 Bxd4 18. Nxd4 Nc5 19. Qb5 Nce4 20. Qxb6 axb6 {Vyskocil,N (2315)-Parligras,C (2203) Tatranske Zruby 2018 ½-½ (36)}) 6... g6 7. O-O Bg7 8. f4 e6 9. d3 O-O 10. Nd2 a5 11. a4 Nbd7 12. Nf3 Qb6 13. Qe2 Rfe8 14. Ne5 Nxe5 15. fxe5 Nd7 16. Kh1 Qc7 17. f4 b5 18. d4 bxa4 19. Rxa4 Nb6 20. Ra3 a4 21. g4 Bf8 22. f5 Bxa3 23. Bxa3 axb3 24. Bd6 Qd8 25. cxb3 exf5 26. Qf2 Qg5 27. gxf5 Qxf5 28. Qg3 Qc2 29. Qf4 Ra7 30. Bc5 Qxb3 31. e6 fxe6 32. Qh6 Nd7 33. Bxa7 Qd3 34. Bc5 Nxc5 35. Qf4 1-0

[Event "Titled Tue 20th Dec Early"]
[Site "chess.com INT"]
[Date "2022.12.20"]
[Round "8"]
[White "Nakamura, Hi"]
[Black "Kamsky, G."]
[Result "1-0"]
[WhiteElo "2768"]
[BlackElo "2664"]
[PlyCount "65"]
[EventDate "2022.12.20"]

1. g3 Nf6 2. Bg2 d5 3. Nf3 g6 4. d3 Bg7 5. Nbd2 O-O 6. e4 c5 7. O-O Nc6 8. Re1 b6 9. e5 ({RR} 9. Rb1 Qc7 10. exd5 Nxd5 11. Nf1 Rd8 12. Bd2 h6 13. Ne3 Be6 14. a3 Rac8 15. Qc1 Kh7 16. h3 Nxe3 17. Bxe3 Ba2 18. Ra1 Bd5 19. Re2 Qb7 20. Ne1 Bxg2 21. Nxg2 c4 22. dxc4 Ne5 23. Ne1 Nxc4 {Mehlhorn,U (2073)-Felgendreher,H (2186) Germany 2020 0-1 (38)}) 9... Ne8 $146 ({RR} 9... Ng4 10. e6 fxe6 11. h3 Nf6 12. c3 Qd6 13. Qe2 Ne8 14. Nb3 Nc7 15. Bf4 Rxf4 16. gxf4 Qxf4 17. Qe3 Qd6 18. d4 c4 19. Nbd2 Bd7 20. Ne5 Rf8 21. Ndf3 Nxe5 22. Nxe5 Bc8 23. Qg3 Ne8 24. Ng4 {Nakamura,H (2745)-Duda,J (2730) Chess.com INT 2019 ½-½ (61)}) 10. c3 f6 11. exf6 Nxf6 12. Nf1 a5 13. h3 a4 14. d4 e6 15. Be3 a3 16. b3 Ne4 17. Rc1 Ba6 18. N1d2 cxd4 19. Nxd4 Nxd4 20. cxd4 Nd6 21. Nf3 Ne4 22. Ne5 Rc8 23. Qg4 Qd6 24. Bxe4 dxe4 25. Qxe4 Bb5 26. Nc4 Qc6 27. Qxc6 Rxc6 28. Nxa3 Rxc1 29. Rxc1 Bd3 30. Rd1 Be4 31. Nb5 Ra8 32. Rc1 Bf8 33. a4 1-0

[Event "Titled Tue 20th Dec Late"]
[Site "chess.com INT"]
[Date "2022.12.20"]
[Round "11"]
[White "Caruana, F."]
[Black "Hansen, Eric"]
[Result "1-0"]
[WhiteElo "2766"]
[BlackElo "2609"]
[PlyCount "101"]
[EventDate "2022.12.20"]

1. d3 d5 2. g3 Nc6 3. Bg2 e5 4. Nf3 Nf6 5. O-O Be7 6. a3 a5 7. b3 O-O ({RR} 7... h5 8. Bb2 Bd6 9. e4 dxe4 10. dxe4 Bg4 11. h3 Bxf3 12. Qxf3 h4 13. g4 Nd7 14. Nc3 Nd4 15. Qd1 Ne6 16. Nd5 c6 17. Ne3 Qc7 18. Nf5 Bc5 19. b4 Bf8 20. c4 g6 21. c5 gxf5 22. exf5 {Carlsen,M (2859)-Gukesh,D (2725) chess.com INT 2022 1-0 (42)}) 8. e3 ({RR} 8. Bb2 Bd6 9. e3 Bg4 10. h3 Bh5 11. Qe1 Re8 12. Nc3 Qe7 13. Nd2 d4 14. Nce4 dxe3 15. fxe3 Nxe4 16. Nxe4 Bg6 17. Nxd6 Qxd6 18. Qf2 Rad8 19. g4 Qc5 20. Rae1 f6 21. Re2 Rf8 22. Qg3 Bf7 {Lau,L (2239)-Cumpe,L (2294) chess.com INT 2025 0-1 (43)}) 8... Re8 9. Bb2 $146 ({RR} 9. Nc3 h6 10. Bb2 Bg4 11. h3 Be6 12. Kh2 Qd7 13. Ne2 Bd6 14. Qc1 Rad8 15. Rd1 Qe7 16. c4 dxc4 17. bxc4 Bf5 18. Nc3 e4 19. Nh4 Bh7 20. Nd5 Nxd5 21. cxd5 Nd4 22. Qc3 Qf6 23. dxe4 Rxe4 {Dinh,D (2365)-Bui,V (2465) Dong Thap 2004 1-0}) 9... Bf8 10. Nbd2 h6 11. Qe2 e4 12. dxe4 dxe4 13. Nd4 Bg4 14. Qe1 Ne5 15. h3 Bd7 16. Kh2 c5 17. Ne2 Bc6 18. Bxe5 Rxe5 19. Nc4 Re8 20. a4 Nd5 21. Rd1 Qf6 22. Nf4 Nb4 23. c3 Nd3 24. Nxd3 exd3 25. Bxc6 Qxc6 26. Rxd3 b5 27. axb5 Qxb5 28. Qb1 a4 29. Nd2 a3 30. Qc2 Red8 31. Rxd8 Rxd8 32. Nc4 Ra8 33. Ra1 Qb7 34. Rxa3 Rd8 35. Ra1 Qf3 36. Re1 h5 37. Qe2 Qf6 38. Rc1 h4 39. g4 Qe6 40. Kg2 Rb8 41. Qc2 Qc6+ 42. e4 Re8 43. Re1 g6 44. Qd3 Qb7 45. Nd2 Qa8 46. Nf3 Qb7 47. Qc4 Be7 48. Ne5 Bf6 49. Nxg6 Qc7 50. e5 Bg7 51. Nxh4 1-0

[Event "World Blitz 2022"]
[Site "Almaty KAZ"]
[Date "2022.12.30"]
[Round "13.8"]
[White "Andreikin, D."]
[Black "Lazavik, Denis"]
[Result "1-0"]
[WhiteElo "2729"]
[BlackElo "2537"]
[PlyCount "128"]
[EventDate "2022.12.29"]
[EventType "blitz"]

1. Nf3 d5 2. g3 Nf6 3. Bg2 e6 4. O-O Be7 5. d3 O-O 6. a4 Nc6 7. Nbd2 e5 8. e4 dxe4 9. dxe4 a5 10. c3 $146 ({RR} 10. b3 Bc5 11. Bb2 Qe7 12. Qe2 Rd8 13. Nc4 Bg4 14. c3 Qe6 15. Rfe1 Ne8 16. h3 Bh5 17. Rad1 Nd6 18. Rd5 Nxc4 19. Qxc4 Bd6 20. Nd2 f6 21. Rb5 Qxc4 22. Nxc4 b6 23. Nxd6 Rxd6 24. Rd5 Rad8 {Carlsen,M (2839)-Nepomniachtchi,I (2771) chess.com INT 2023 1-0 (61)}) ({RR} 10. Qe2 Bc5 11. Nc4 Qe7 12. c3 h6 13. Ne3 Bxe3 14. Bxe3 Bg4 15. h3 Bxf3 16. Bxf3 Qe6 17. Kh2 Ne7 18. Rfd1 Nc8 19. Bc5 Re8 20. Rd2 Qc6 21. Qb5 Qxb5 22. axb5 b6 23. Ba3 Na7 24. c4 c6 {Dronavalli,H (2489)-Mammadzada,G (2421) New York USA 2024 ½-½ (49)}) 10... Be6 11. Qe2 Nd7 12. Nc4 f6 13. Ne3 Qe8 14. Nd5 Bd6 15. Nh4 Bxd5 16. exd5 Ne7 17. f4 exf4 18. Bxf4 Ne5 19. Kh1 Kh8 20. Be4 Qf7 21. Qg2 N5g6 22. Nxg6+ Nxg6 23. Rae1 Nxf4 24. gxf4 f5 25. Bd3 Rae8 26. Qf3 g6 27. Bb5 Re7 28. Bc4 Rfe8 29. Re6 Qg7 30. Qe3 Rxe6 31. dxe6 b6 32. Bb5 Re7 33. Bd7 Qf6 34. Qd4 Kg7 35. Kg2 Qxd4 36. cxd4 Kf6 37. h4 h6 38. Kf3 Rg7 39. Rh1 g5 40. hxg5+ hxg5 41. Rh6+ Rg6 42. fxg5+ Kxg5 43. Rh7 Rh6 44. e7 Bxe7 45. Rxe7 Rh3+ 46. Kg2 Rb3 47. Bb5 Rxb2+ 48. Kf3 Rb3+ 49. Ke2 Rb4 50. Ke3 Rb3+ 51. Kd2 Rb4 52. Kc3 c5 53. d5 Rd4 54. Bc4 f4 55. Re2 Kf5 56. Rd2 Ke5 57. Rxd4 cxd4+ 58. Kd3 f3 59. Kd2 Kd6 60. Ke1 Kc5 61. Kf2 d3 62. Bxd3 Kxd5 63. Kxf3 Kc5 64. Bb5 Kd5 1-0

[Event "Titled Tue 3rd Jan Early"]
[Site "chess.com INT"]
[Date "2023.01.03"]
[Round "5"]
[White "Carlsen, M."]
[Black "Svane, R."]
[Result "1-0"]
[WhiteElo "2859"]
[BlackElo "2620"]
[PlyCount "153"]
[EventDate "2023.01.03"]

1. b3 d5 2. Bb2 Bf5 3. Nf3 e6 4. e3 h6 5. c4 Nf6 6. cxd5 ({RR} 6. Nc3 c6 7. Be2 Be7 8. O-O O-O 9. d3 Bh7 10. Qc2 a5 11. Rad1 Na6 12. a3 Nc5 13. Na4 Nxa4 14. bxa4 Nd7 15. Rb1 Rb8 16. Rfd1 Re8 17. Ne5 Bf8 18. Bh5 Re7 19. c5 Ra8 20. Bd4 Nxe5 {Vachier Lagrave,M (2793)-Aronian,L (2797) Caleta 2018 ½-½ (45)}) ({RR} 6. d4 c6 7. Nc3 Bd6 8. Bd3 Bxd3 9. Qxd3 O-O 10. O-O Nbd7 11. Rad1 Qc7 12. Rfe1 e5 13. cxd5 e4 14. Nxe4 cxd5 15. Nxd6 Qxd6 16. Rc1 Rac8 17. Ne5 Ne4 18. f3 Ng5 19. Qb5 Nxe5 20. dxe5 Qg6 {Harsh,S (2414)-Esmeraldas Huachi,A (2100) chess.com INT 2025 1-0}) 6... exd5 7. Be2 c6 8. O-O Bd6 $146 ({RR} 8... Be7 9. Nh4 Bh7 10. f4 O-O 11. Qe1 Ne4 12. Nf3 Bf6 13. d4 Nd7 14. Nbd2 Be7 15. a3 Re8 16. Bd3 Nxd2 17. Qxd2 Bxd3 18. Qxd3 Nf6 19. b4 a6 20. Ne5 Ne4 21. Qe2 Bf6 22. Qh5 Qe7 23. Rf3 {Caritg Creus,C (1756)-Cabrera Ortega,A Gran Canaria 2009 0-1 (38)}) 9. d3 O-O 10. Nbd2 Nbd7 11. Re1 Bh7 12. Bf1 Re8 13. a3 a5 14. Qc2 Ne5 15. Nxe5 Bxe5 16. Bxe5 Rxe5 17. b4 Re8 18. Nb3 axb4 19. axb4 Nd7 20. Qc3 Qe7 21. Rxa8 Rxa8 22. Na5 Nf8 23. Ra1 Qd7 24. Nb3 Rxa1 25. Qxa1 b6 26. Qa8 Bg6 27. Qb8 b5 28. Nd4 f6 29. Be2 Be8 30. h4 h5 31. g3 g6 32. Bf1 Kg7 33. Bh3 f5 34. Qe5+ Kf7 35. Qh8 Qd6 36. Nc2 Qf6 37. Qxf6+ Kxf6 38. Kf1 Ne6 39. Ke2 Ke5 40. Kd2 Bd7 41. Ne1 Kf6 42. Kc3 Be8 43. f4 Bd7 44. Nf3 Be8 45. Ne5 Ke7 46. Bg2 Kd6 47. Nf3 c5 48. bxc5+ Kxc5 49. d4+ Kd6 50. Kb4 Nc7 51. Bf1 Na6+ 52. Ka5 Nc7 53. Ne5 Ke6 54. Kb6 Kd6 55. Bd3 Na8+ 56. Ka5 Nc7 57. Nf3 Ke6 58. Kb6 Kd6 59. Nd2 Na8+ 60. Ka5 Nc7 61. Nb1 Bd7 62. Nc3 Ne8 63. Bxb5 Nf6 64. Kb6 Ng4 65. Bxd7 Kxd7 66. Kc5 Nxe3 67. Nxd5 Nf1 68. Nb6+ Kc7 69. Nc4 Nxg3 70. Ne5 Ne4+ 71. Kd5 Nf6+ 72. Ke6 Ne4 73. d5 Nc5+ 74. Ke7 Ne4 75. Nxg6 Kb6 76. d6 Kc6 77. d7 1-0

[Event "Titled Tue 3rd Jan Early"]
[Site "chess.com INT"]
[Date "2023.01.03"]
[Round "11"]
[White "Oparin, G."]
[Black "Sychev, K."]
[Result "1-0"]
[WhiteElo "2670"]
[BlackElo "2556"]
[PlyCount "61"]
[EventDate "2023.01.03"]

1. b3 d5 2. Bb2 Nf6 3. e3 Bf5 4. Nf3 h6 5. d4 e6 6. Bd3 Bd6 7. O-O O-O 8. c4 c6 9. Nc3 Nbd7 $146 ({RR} 9... Re8 10. Re1 Nbd7 11. e4 dxe4 12. Nxe4 Bxe4 13. Bxe4 Nxe4 14. Rxe4 Qa5 15. Qc2 Ba3 16. Rae1 Bxb2 17. Qxb2 Rad8 18. g3 Nf6 19. Re5 Qc7 20. Kg2 b6 21. Qc1 Ng4 22. R5e4 Nf6 23. Re5 c5 24. dxc5 {Aravindh,C (2662)-Svane,R (2637) chess.com INT 2024 1-0 (76)}) 10. Qc2 Bg4 11. Nd2 e5 12. cxd5 exd4 13. exd4 cxd5 14. h3 Bh5 15. Rfe1 Rc8 16. a3 Qb6 17. g4 Qxd4 18. gxh5 Qf4 19. Nf1 d4 20. Rad1 Qg5+ 21. Kh1 Qxh5 22. Bf5 dxc3 23. Bc1 Bb8 24. Nh2 Rcd8 25. f4 Nc5 26. Rxd8 Rxd8 27. Be3 Nxb3 28. Rg1 Nd4 29. Bxd4 Rxd4 30. Qxc3 Rd8 31. Qxf6 1-0

[Event "Titled Tue 3rd Jan Late"]
[Site "chess.com INT"]
[Date "2023.01.03"]
[Round "5"]
[White "Carlsen, M."]
[Black "Jacobson, Brandon"]
[Result "1-0"]
[WhiteElo "2859"]
[BlackElo "2546"]
[PlyCount "79"]
[EventDate "2023.01.03"]

1. b3 Nf6 2. Bb2 g6 3. g3 Bg7 4. Bg2 O-O 5. Nf3 b6 6. Ne5 d5 7. O-O ({RR} 7. c4 c5 8. O-O Bb7 9. Nc3 Nbd7 10. Nd3 dxc4 11. Bxb7 cxd3 12. Bxa8 Qxa8 13. exd3 Ne5 14. Ne4 Nxd3 15. Nxf6+ exf6 16. Bc3 Re8 17. Qg4 f5 18. Qc4 Qf3 19. Bxg7 Kxg7 20. Qc3+ f6 21. b4 cxb4 {Jacobson,B (2524)-Liang,A (2613) Chess.com INT 2022 ½-½ (32)}) 7... Bb7 8. c4 ({RR} 8. d4 c5 9. c4 cxd4 10. Bxd4 Nc6 11. Nxc6 Bxc6 12. Nc3 e6 13. Rc1 Rc8 14. Bxf6 Qxf6 15. cxd5 Ba8 16. Nb5 a6 17. Nd6 Rcd8 18. Nc4 Bxd5 19. Qc2 Bxg2 20. Kxg2 b5 21. Ne3 Qe7 22. Rfd1 Bh6 {Artemiev,V (2746)-So,W (2767) Chess.com INT 2019 0-1 (78)}) 8... e6 9. d4 Qe7 $146 ({RR} 9... c5 10. dxc5 bxc5 11. cxd5 exd5 12. Nc3 Re8 13. Nd3 Nbd7 14. Rc1 Rc8 15. Na4 Qa5 16. Bc3 Qb5 17. Bxf6 Bxf6 18. Nf4 d4 19. Bxb7 Qxb7 20. Nd3 Qe4 21. Rc2 Be7 22. Qd2 Bf8 23. Rfc1 Qe6 24. Qf4 {Deac,B (2702)-Neagu,R (2272) Ubeda ESP 2023 1-0 (35)}) 10. Nc3 Rd8 11. Rc1 c5 12. dxc5 bxc5 13. cxd5 exd5 14. Nd3 c4 15. bxc4 dxc4 16. Ba3 Qc7 17. Nb5 Qb6 18. Bxb7 Qxb7 19. Nc5 Qb6 20. Qa4 a6 21. Nc3 Rc8 22. Qxc4 Nbd7 23. Nd5 Nxd5 24. Qxd5 Nxc5 25. Rxc5 Rd8 26. Qf3 Qe6 27. Rc2 h5 28. h4 Be5 29. Rfc1 Rac8 30. Rxc8 Rxc8 31. Rxc8+ Qxc8 32. Qd5 Bf6 33. Bc5 Kg7 34. Kg2 Qg4 35. Qd3 Bxh4 36. Qxa6 Bf6 37. Qd6 h4 38. Qf8+ Kh7 39. Qxf7+ Bg7 40. Bf8 1-0

[Event "Titled Tue 3rd Jan Late"]
[Site "chess.com INT"]
[Date "2023.01.03"]
[Round "7"]
[White "Oparin, G."]
[Black "Rustemov, A."]
[Result "1-0"]
[WhiteElo "2670"]
[BlackElo "2525"]
[PlyCount "59"]
[EventDate "2023.01.03"]

1. b3 d5 2. Bb2 Nf6 3. g3 c5 4. Bg2 Nc6 5. Nf3 g6 6. O-O Bg7 7. d4 ({RR} 7. Ne5 Nxe5 8. Bxe5 O-O 9. c4 Be6 10. Nc3 d4 11. Na4 Qc8 12. e3 Rd8 13. exd4 cxd4 14. Qf3 Bh3 15. Qxb7 Bxg2 16. Qxc8 Raxc8 17. Kxg2 Nd7 18. Bxg7 Kxg7 19. Rae1 e5 20. d3 f5 21. f4 Kf6 {Vachier Lagrave,M (2796)-Bacrot,E (2708) Paris 2017 1-0 (33)}) 7... O-O ({RR} 7... Ne4 8. e3 Bg4 9. h3 Bxf3 10. Bxf3 f5 11. c3 cxd4 12. cxd4 e5 13. dxe5 Nxe5 14. Kg2 O-O 15. Be2 Rf7 16. Nd2 Qg5 17. Nxe4 dxe4 18. Bxe5 Bxe5 19. Bc4 Bxa1 20. Bxf7+ Kf8 21. Bc4 Bc3 22. Qd5 {Papp,L (2386)-Muniz,F (2165) chess.com INT 2025 1-0}) 8. dxc5 Qa5 $146 ({RR} 8... Ne4 9. Bxg7 Kxg7 10. c4 dxc4 11. Qc2 Nxc5 12. Qxc4 Ne6 13. Nc3 Ned4 14. Rfd1 Be6 15. Rxd4 Bxc4 16. Rxd8 Raxd8 17. bxc4 Na5 18. c5 Rc8 19. Na4 Rfd8 20. h4 f6 21. Rb1 a6 22. e3 e5 23. Ne1 {Seemann,J (2364)-McConnell,G (2016) Chess.com INT 2022 1-0 (50)}) 9. Nbd2 Qxc5 10. e3 Bf5 11. c4 Bd3 12. Re1 dxc4 13. Nxc4 Rfd8 14. Nd4 Be4 15. Qe2 Bxg2 16. Kxg2 Nxd4 17. Bxd4 Qc6+ 18. Qf3 Qa6 19. Red1 Rac8 20. Rac1 h5 21. h3 b6 22. Ne5 Qxa2 23. Nc6 Rxc6 24. Rxc6 Qxb3 25. Ra1 Rd7 26. g4 hxg4 27. hxg4 Qb5 28. Rc8+ Bf8 29. Rh1 Qg5 30. Qh3 1-0